000 01233nam a2200313Ia 4500
001 ebr10310810
003 CaPaEBR
006 m u
007 cr cn|||||||||
008 070903s2007 enka sb 001 0 eng d
020 _z9781845115227 (cased) :
020 _z1845115228 (cased) :
020 _z9781845115234 (pbk.) :
020 _z1845115236 (pbk.) :
040 _aCaPaEBR
_cCaPaEBR
035 _a(OCoLC)429356550
050 1 4 _aN7475
_b.C66 2007eb
245 0 0 _aConceptual odysseys
_h[electronic resource] :
_bpassages to cultural analysis /
_cedited by Griselda Pollock, with an introduction by Mieke Bal.
260 _aLondon :
_bI.B. Tauris,
_cc2007.
300 _axvii, 245 p. :
_bill.
504 _aIncludes bibliographical references and index.
533 _aElectronic reproduction.
_bPalo Alto, Calif. :
_cebrary,
_d2009.
_nAvailable via World Wide Web.
_nAccess may be limited to ebrary affiliated libraries.
650 0 _aArt criticism.
650 0 _aCulture.
655 7 _aElectronic books.
_2local
700 1 _aPollock, Griselda.
710 2 _aebrary, Inc.
856 4 0 _uhttp://site.ebrary.com/lib/rucke/Doc?id=10310810
_zAn electronic book accessible through the World Wide Web; click to view
999 _c175923
_d175923